Educación y modernidad : (Registro nro. 7327)
[ vista simple ]
| 000 -LEADER | |
|---|---|
| fixed length control field | 01590cam a2200241 a 4500 |
| 003 - CONTROL NUMBER IDENTIFIER | |
| control field | OSt |
| 005 - DATE AND TIME OF LATEST TRANSACTION | |
| control field | 20210225101459.0 |
| 008 - FIXED-LENGTH DATA ELEMENTS--GENERAL INFORMATION | |
| fixed length control field | s19940000ck a 0 spa d |
| 020 ## - INTERNATIONAL STANDARD BOOK NUMBER | |
| International Standard Book Number | 9589566812 |
| 040 ## - CATALOGING SOURCE | |
| Original cataloging agency | CO-BoPUJ |
| Transcribing agency | CO-JMCR |
| 082 04 - DEWEY DECIMAL CLASSIFICATION NUMBER | |
| Classification number | 370.9861 / |
| Item number | P348e |
| Edition number | 23 |
| 100 1# - MAIN ENTRY--PERSONAL NAME | |
| Personal name | Pazos, Ramiro de Jesús, |
| Relator term | autor |
| 9 (RLIN) | 13937 |
| 245 00 - TITLE STATEMENT | |
| Title | Educación y modernidad : |
| Remainder of title | una escuela para la democracia / |
| Statement of responsibility, etc. | Ramiro de Jesús Pazos, Nicolás Buenaventura, Marco Raúl Mejía, [y 5 más] |
| 260 ## - PUBLICATION, DISTRIBUTION, ETC. | |
| Place of publication, distribution, etc. | Bogotá : |
| Name of publisher, distributor, etc. | Instituto para el Desarrollo de la Democracia Luis Carlos Galán, |
| Date of publication, distribution, etc. | 1994 |
| 300 ## - PHYSICAL DESCRIPTION | |
| Extent | 271 páginas : |
| Other physical details | ilustraciones en blanco y negro ; |
| Dimensions | 23 cm. |
| 490 0# - SERIES STATEMENT | |
| Series statement | Programa educación para la democracia |
| 505 0# - FORMATTED CONTENTS NOTE | |
| Title | Un nuevo momento para la educación / |
| Statement of responsibility | Ricardo Sánchez Ángel -- |
| Title | los derechos de la educación y la cultura / |
| Statement of responsibility | Ramiro de Jesús Pazos Guerrero -- |
| Title | El concepto moderno de democracia / |
| Statement of responsibility | Nicolás Buenaventura -- |
| Title | En búsqueda de una escuela para la nueva época / |
| Statement of responsibility | Marco Raúl Mejía J. -- |
| Title | La travesía de los maestros: de la escuela a la vida contemporánea / |
| Statement of responsibility | Alberto Martínez Boom -- |
| Title | La acción de tutela en la educación / |
| Statement of responsibility | Mario Sequeda Mercedes González -- |
| Title | La investigación protagónica del docente en la vida escolar / |
| Statement of responsibility | Gonzalo Arcila Ramírez -- |
| Title | Valores de la democracia: universalizables o circunstanciales? / |
| Statement of responsibility | Edgar Suárez Osorio |
| 650 24 - SUBJECT ADDED ENTRY--TOPICAL TERM | |
| Topical term or geographic name entry element | Educación |
| Geographic subdivision | colombia |
| 9 (RLIN) | 9941 |
| 650 24 - SUBJECT ADDED ENTRY--TOPICAL TERM | |
| Topical term or geographic name entry element | Democracia |
| Geographic subdivision | colombia |
| 9 (RLIN) | 13938 |
| 700 1# - ADDED ENTRY--PERSONAL NAME | |
| Personal name | Buenaventura, Nicolás, |
| Relator term | autor |
| 9 (RLIN) | 13939 |
| 700 1# - ADDED ENTRY--PERSONAL NAME | |
| Personal name | Mejía, Marco Raúl, |
| Relator term | autor |
| 9 (RLIN) | 11382 |
| 942 ## - ADDED ENTRY ELEMENTS (KOHA) | |
| Source of classification or shelving scheme | Dewey Decimal Classification |
| Koha item type | Books |
| Withdrawn status | Lost status | Source of classification or shelving scheme | Damaged status | Not for loan | Home library | Current library | Shelving location | Date acquired | Source of acquisition | Total Checkouts | Full call number | Barcode | Date last seen | Date last checked out | Copy number | Price effective from | Koha item type |
|---|---|---|---|---|---|---|---|---|---|---|---|---|---|---|---|---|---|
| Dewey Decimal Classification | Biblioteca Pública José María del Castillo y Rada | Biblioteca Pública José María del Castillo y Rada | General Stacks | 10/02/2020 | Donación | 2 | 370.9861 / P348e | 201810606 | 11/08/2024 | 11/07/2024 | Ej.1 | 10/02/2020 | Books |